00000000cam 2200000zi 4500
0019.960922
003CaOODSP
00520260319112110
006m     o  d f      
007cr cn|||||||||
008260312t20262026oncad   obs  f000 0 eng d
020 |a9780660989778
040 |aCaOODSP|beng|erda|cCaOODSP
043 |an-cn---
0861 |aCS11-627/2026-16E-PDF
24500|aScreen time and well-being among children.
264 1|a[Ottawa] : |bStatistics Canada = Statistique Canada, |c[2026]
264 4|c©2026
300 |a1 online resource (1 unnumbered page) : |billustrations, graphs
336 |atext|btxt|2rdacontent
337 |acomputer|bc|2rdamedia
338 |aonline resource|bcr|2rdacarrier
500 |aCaption title.
500 |aIssued also in French under title: Temps d'écran et bien-être chez les enfants.
504 |aIncludes bibliographical references.
520 |a"According to results observed for the same cohort of children in 2019 and 2023, 44% followed the Canadian Paediatric Society’s screen time guidelines in both years, while 12% did not follow them in either year"--Page [1].
650 0|aVideo games and children|zCanada|vStatistics.
650 0|aComputers and children|zCanada|vStatistics.
650 0|aSmartphones and children|zCanada|vStatistics.
650 0|aWell-being|xChildren|zCanada|vStatistics.
655 7|aStatistics|2lcgft
655 7|aInfographics|2lcgft
7102 |aStatistics Canada, |eissuing body.
77508|tTemps d'écran et bien-être chez les enfants.|w(CaOODSP)9.960923
85640|qPDF|s359 KB|uhttps://publications.gc.ca/collections/collection_2026/statcan/11-627-m/11-627-m2026016-eng.pdf
8564 |qHTML|sN/A|uhttps://www150.statcan.gc.ca/n1/pub/11-627-m/11-627-m2026016-eng.htm
986 |a11-627-M